|
|
|
|
| LEADER |
00000nam a2200000 a 4500 |
| 001 |
UCT2757 |
| 003 |
CL-VaPUC |
| 008 |
961011e19670000MX |||||||||||||||||spa|d |
| 082 |
0 |
4 |
|a 658.83
|b DUN
|2 21
|
| 100 |
0 |
|
|a Dunn, S. Watson
|e author
|9 371780
|
| 245 |
1 |
0 |
|a Publicidad: su papel en la mercadotecnia moderna
|
| 300 |
|
|
|a 700 p
|
| 942 |
|
|
|c BK
|
| 945 |
|
|
|d 19961011 00:00:00
|a rbrito
|
| 260 |
|
|
|a Ciudad de México
|b UTEA
|c 1967
|
| 650 |
|
0 |
|a Publicidad
|9 314572
|
| 650 |
|
7 |
|a MERCADOTECNIA
|2 CL-VaPUC
|9 347996
|
| 650 |
|
0 |
|a Medios de comunicación de masas
|9 257273
|
| 650 |
|
7 |
|a PUBLICIDAD POR TELEVISION
|2 CL-VaPUC
|9 265867
|
| 650 |
|
0 |
|a Comercialización
|9 259326
|
| 650 |
|
0 |
|a Promoción de ventas
|9 307011
|
| 650 |
|
0 |
|a Aspectos sociales
|9 254894
|
| 650 |
|
0 |
|a Marketing
|9 259324
|
| 650 |
|
0 |
|a Comunicación
|9 257251
|
| 583 |
|
|
|a last modification
|c 19961011 00:00:00
|k Rodrigo Vera
|
| 999 |
|
|
|c 252729
|d 252727
|
| 952 |
|
|
|0 0
|1 0
|4 0
|6 658_830000000000000_DUN_1967
|7 0
|8 A
|9 272782
|a BIBENE
|b BIBENE
|d 2019-11-19
|i 3238733
|o 658.83 DUN 1967
|p 3238733
|r 2025-01-15
|w 2019-11-19
|y BK
|k ICO
|
| 952 |
|
|
|0 0
|1 0
|4 0
|6 658_830000000000000_DUN_1967
|7 0
|8 A
|9 272783
|a BIBENE
|b BIBENE
|d 2019-11-19
|i 1414445
|o 658.83 DUN 1967
|p 1414445
|r 2025-01-15
|w 2019-11-19
|y BK
|k ICO
|